MEMPERKASA SEJARAH sebagai WAHANA PEMBANGUNAN / (Record no. 202790)

MARC details
000 -LEADER
fixed length control field 01033nam a2200313 i 4500
003 - CONTROL NUMBER IDENTIFIER
control field OSt
005 - DATE AND TIME OF LATEST TRANSACTION
control field 20260121155314.0
008 - FIXED-LENGTH DATA ELEMENTS--GENERAL INFORMATION
fixed length control field 260119s2025 my my a er 000 0 may d
020 ## - INTERNATIONAL STANDARD BOOK NUMBER
International Standard Book Number 9789672635574
Qualifying information paperback
Terms of availability RM 80.00
040 ## - CATALOGING SOURCE
Original cataloging agency PPAK
Language of cataloging eng
Transcribing agency PPAK
Description conventions rda
082 04 - DEWEY DECIMAL CLASSIFICATION NUMBER
Classification number 959.5
Edition number 23
090 00 - LOCALLY ASSIGNED LC-TYPE CALL NUMBER (OCLC); LOCAL CALL NUMBER (RLIN)
Classification number (OCLC) (R) ; Classification number, CALL (RLIN) (NR) 959.5
Feature heading MEM
Feature heading G
Classification number (OCLC) (R) ; Classification number, CALL (RLIN) (NR) 959.5
Feature heading MEM
Feature heading KK
245 00 - TITLE STATEMENT
Title MEMPERKASA SEJARAH sebagai WAHANA PEMBANGUNAN /
Number of part/section of a work Penyunting Mohd Samsudin
264 #1 - PRODUCTION, PUBLICATION, DISTRIBUTION, MANUFACTURE, AND COPYRIGHT NOTICE
Place of production, publication, distribution, manufacture Kuala Lumpur :
Name of producer, publisher, distributor, manufacturer Persatuan Sejarah Malaysia,
Date of production, publication, distribution, manufacture, or copyright notice [2024]
300 ## - PHYSICAL DESCRIPTION
Extent xiii, 586 pages :
Other physical details illustrations ;
Dimensions 24 cm
336 ## - CONTENT TYPE
Content type term text
Source rdacontent
Content type term still image
Source rdacontent
337 ## - MEDIA TYPE
Media type term unmediated
Source rdamedia
338 ## - CARRIER TYPE
Carrier type term volume
Source rdacarrier
504 ## - BIBLIOGRAPHY, ETC. NOTE
Bibliography, etc. note Bibliography: pages 560-586
583 ## - ACTION NOTE
Action Retained
Authorization “This book must not be disposed of.”
650 10 - SUBJECT ADDED ENTRY--TOPICAL TERM
Topical term or geographic name entry element History
Geographic subdivision Malaysia
Topical term or geographic name entry element Historiography
651 #0 - SUBJECT ADDED ENTRY--GEOGRAPHIC NAME
Geographic name Malaysia
General subdivision History
Geographic name Malaysia
General subdivision History
700 0# - ADDED ENTRY--PERSONAL NAME
Personal name Mohd Samsudin,
Relator term editor.
942 ## - ADDED ENTRY ELEMENTS (KOHA)
Source of classification or shelving scheme Dewey Decimal Classification
Koha item type Book
Holdings
Withdrawn Not for loan Current library Shelving location Date acquired Total Checkouts Full call number Barcode Date last seen Koha item type
  Not For Loan Perpustakaan Alor Setar Koleksi Kedah 21/01/2026   KK 959.5 MEM A01898261 21/01/2026 Book
  Not For Loan Perpustakaan Alor Setar Rujukan Dewasa 21/01/2026   R 959.5 MEM A01898262 21/01/2026 Book
  Not For Loan Perpustakaan Awam Sungai Petani Rujukan Dewasa 21/01/2026   R 959.5 MEM A01898263 21/01/2026 Book
  Not For Loan Perpustakaan Bandar Baharu Rujukan Dewasa 21/01/2026   R 959.5 MEM A01898268 21/01/2026 Book
  Not For Loan Perpustakaan Jitra Rujukan Dewasa 21/01/2026   R 959.5 MEM A01898264 21/01/2026 Book
  Not For Loan Perpustakaan Kuala Nerang Rujukan Dewasa 21/01/2026   R 959.5 MEM A01898272 21/01/2026 Book
  Not For Loan Perpustakaan Kulim Rujukan Dewasa 21/01/2026   R 959.5 MEM A01898266 21/01/2026 Book
  Not For Loan Perpustakaan Merbok Rujukan Dewasa 21/01/2026   R 959.5 MEM A01898269 21/01/2026 Book
  Not For Loan Perpustakaan Yan Rujukan Dewasa 21/01/2026   R 959.5 MEM A01898270 21/01/2026 Book